00967nam a2200205Ia 4500003000900000008004100009040001600050080002600066111010600092245029100198260006800489300001500557490003800572650004100610650001100651650001900662700002600681700002900707700002500736IN-BaIIA211028s9999 xx 000 0 eng d cIIA Library a523.985.3(082.2)bDEN aWorkshop on Radio Fluctuations in Solar FlarescRamada Hotel, Lanham, Marylandd1985 Sep. 30 - Oct. 4 0aRadio fluctuations in solar flaresbproceedings of a workshop on radio fluctuations in solar flares, held in the Ramada Hotel, Lanham, Maryland, September 30 - October 4, 1985cedited by Brain R. Dennis, Larry E. Orwig and Alan L. Kiplinger  aWashingtonbNational Aeronautics and Space Administrationc1987 axii, 478p. aNASA conference publication; 2449 aAstronomy and Astrophysics Thesaurus aFlares aSolar Activity aDennis, Brain R., ed. aKiplinger, Alan L., ed.  aOrwig, Larry E., ed.